Movies Quiz

Random Movies or Actor Quiz

Godfather Stars Quiz Stats

 Plays Quiz not verified by Sporcle

Challenge
Share
Tweet
Embed
Score 0/30 Timer 15:00
0 Plays Today
% Correct
Marlon Brando
97.8%
Al Pacino
97.8%
James Caan
97.8%
Talia Shire
87%
Robert Duvall
82.6%
Diane Keaton
82.6%
Abe Vigoda
76.1%
John Cazale
73.9%
Sterling Hayden
30.4%
Richard S. Castellano
26.1%
Lenny Montana
26.1%
Al Martino
23.9%
Richard Bright
21.7%
Richard Conte
19.6%
Al Lettieri
17.4%
% Correct
Gianni Russo
17.4%
Morgana King
17.4%
Alex Rocco
15.2%
John Marley
13%
Johnny Martino
10.9%
Simonetta Stefanelli
8.7%
Jeannie Linero
6.5%
Joe Spinell
4.3%
Corrado Gaipa
2.2%
Franco Citti
2.2%
Victor Rendina
2.2%
Tony Giorgio
2.2%
Louis Guss
2.2%
Tom Rosqui
2.2%
Julie Gregg
2.2%

You're not logged in!

Compare scores with friends on all Sporcle quizzes.
Join for Free
OR
Log In

You Might Also Like...

Show Comments

Extras

Top Quizzes Today


Score Distribution

Your Account Isn't Verified!

In order to create a playlist on Sporcle, you need to verify the email address you used during registration. Go to your Sporcle Settings to finish the process.

Report this User

Report this user for behavior that violates our Community Guidelines.

Details: